A natural history of domesticated mammals / (Record no. 15785)

000 -LEADER
fixed length control field 01041cam a2200253 a 4500
020 ## - INTERNATIONAL STANDARD BOOK NUMBER
ISBN 0521632471 (hardbound)
020 ## - INTERNATIONAL STANDARD BOOK NUMBER
ISBN 0521634954 (paperback)
040 ## - CATALOGING SOURCE
Transcribing agency DLC
082 00 - DEWEY DECIMAL CLASSIFICATION NUMBER
Classification number 636 NAT 1999 A056 Or.
100 2# - MAIN ENTRY--AUTHOR NAME
Personal name Clutton-Brock, Juliet.
245 12 - TITLE STATEMENT
Title A natural history of domesticated mammals /
250 ## - EDITION STATEMENT
Edition statement 2nd ed.
260 ## - PUBLICATION, DISTRIBUTION, ETC. (IMPRINT)
Place of publication Cambridge, U.K. ;
-- New York, NY, USA :
Name of publisher Cambridge University Press ;
Place of publication [London] ;
Name of publisher Natural History Museum,
Year of publication 1999.
300 ## - PHYSICAL DESCRIPTION
Number of Pages viii, 238 p. :
Other physical details ill. (some col.), maps ;
Dimensions 26 cm.
500 ## - GENERAL NOTE
General note "First published in paperback in 1987. Formerly published in hardback as Domesticated animals from early times"--T.p. verso.
650 #0 - SUBJECT ADDED ENTRY--TOPICAL TERM
Topical Term Domestic animals
650 #0 - SUBJECT ADDED ENTRY--TOPICAL TERM
Topical Term Domestication
700 1# - ADDED ENTRY--PERSONAL NAME
Personal name Clutton-Brock, Juliet.
710 2# - ADDED ENTRY--CORPORATE NAME
Corporate name or jurisdiction name as entry element Natural History Museum (London, England)
856 41 - ELECTRONIC LOCATION AND ACCESS
Uniform Resource Identifier http://www.loc.gov/catdir/samples/cam032/98037220.html
856 42 - ELECTRONIC LOCATION AND ACCESS
Uniform Resource Identifier http://www.loc.gov/catdir/description/cam029/98037220.html
856 41 - ELECTRONIC LOCATION AND ACCESS
Uniform Resource Identifier http://www.loc.gov/catdir/toc/cam025/98037220.html
942 ## - ADDED ENTRY ELEMENTS (KOHA)
Koha item type សៀវភៅភាសាអង់គ្លេស
952 ## - LOCATION AND ITEM INFORMATION (KOHA)
Withdrawn status [LOCAL, KOHA] 0
Holdings
Permanent Location Date acquired Koha item type Lost status Shelving location Barcode Current Location Full call number
Library Block A2017-12-11សៀវភៅភាសាអង់គ្លេស A056A09789Library Block A636 NAT 1999 A056 Or.
មជ្ឈមណ្ឌលឯការនៃសាកលវិទ្យាល័យភូមិន្ទកសិកម្មចំការដូង

Powered by Koha